[Event "Canadian zt"]
[Site "Toronto"]
[Date "2024.03.31"]
[Round "7"]
[White "Le, Quang Long"]
[Black "Saha, Ananda"]
[Result "1-0"]
[WhiteElo "2403"]
[BlackElo "2022"]
[PlyCount "127"]
[EventDate "2024.03.27"]
[EventType "team-swiss"]
[EventRounds "10"]
[EventCountry "CAN"]
[SourceTitle "CB15_2024"]
[SourceDate "2024.04.10"]
[SourceVersion "1"]
[SourceVersionDate "2024.04.10"]
[SourceQuality "1"]

1. d4 e6 2. c4 Bb4+ 3. Bd2 a5 4. g3 Nf6 5. Bg2 d5 6. Qc2 0-0 7. Nf3 b6 8. 0-0 Ne4 9. Bf4 Bd6 10. cxd5 exd5 11. Bxd6 Qxd6 12. Rc1 Na6 13. Nc3 Nxc3 14. Qxc3 Bb7 15. Ne5 Rfe8 16. Qf3 Re7 17. e3 c5 18. Qf4 Qe6 19. Bf3 g6 20. h4 f6 21. Bg4 f5 22. Bf3 Kg7 23. b3 Qf6 24. Bg2 h6 25. g4 fxg4 26. Qxg4 Rf8 27. Qg3 Kh7 28. Bf1 Nb4 29. a3 Nc6 30. Ng4 Qg7 31. Bb5 Nd8 32. Bd3 Bc8 33. dxc5 bxc5 34. Ra2 Bf5 35. Rd2 h5 36. Nh2 Ne6 37. Bf1 d4 38. exd4 Nxd4 39. Rxc5 Be4 40. Rc4 Rf3 41. Qg5 Rf5 42. Qg3 Rf3 43. Qg5 Re5 44. Qd8 Ne6 45. Nxf3 Nxd8 46. Nxe5 Qxe5 47. Rxd8 Bf5 48. Ra8 Kh6 49. Ra7 Qf6 50. Rxa5 Bg4 51. Rg5 Qa1 52. Rcxg4 hxg4 53. a4 Qd1 54. a5 Qxb3 55. Rxg4 Qa2 56. a6 Kh5 57. Re4 g5 58. Be2+ Kg6 59. h5+ Kf5 60. Bd3 Kf6 61. h6 Qb3 62. h7 Qd1+ 63. Kg2 g4 64. h8Q+ 1-0

[Event "Canadian zt"]
[Site "Toronto"]
[Date "2024.03.27"]
[Round "1"]
[White "Barron, Michael"]
[Black "Le, Quang Long"]
[Result "0-1"]
[WhiteElo "2143"]
[BlackElo "2403"]
[PlyCount "144"]
[EventDate "2024.03.27"]
[EventType "team-swiss"]
[EventRounds "10"]
[EventCountry "CAN"]
[SourceTitle "CB15_2024"]
[SourceDate "2024.04.10"]
[SourceVersion "1"]
[SourceVersionDate "2024.04.10"]
[SourceQuality "1"]

1. e4 c5 2. Nf3 Nc6 3. d4 cxd4 4. Nxd4 e5 5. Nb5 d6 6. N1c3 a6 7. Na3 Be6 8. Nc4 Rb8 9. a4 Nf6 10. f3 d5 11. exd5 Nxd5 12. Nxd5 Bxd5 13. Be3 Be6 14. Bb6 Qh4+ 15. g3 Qf6 16. Be2 Nd4 17. Bxd4 exd4 18. 0-0 Bc5 19. Bd3 0-0 20. Nd2 Qh6 21. Ne4 Ba7 22. Qc1 Qe3+ 23. Kg2 h6 24. Re1 Qxc1 25. Raxc1 Rfd8 26. Re2 Rbc8 27. Rce1 Bb6 28. Nd2 Ba5 29. Rd1 Bb4 30. Ne4 Kf8 31. Nf2 Rc7 32. Be4 f5 33. Bd3 Kf7 34. h4 g6 35. Nh3 Kf6 36. Nf4 Bf7 37. h5 g5 38. Ng6 Re8 39. Rxe8 Bxe8 40. b3 Bc6 41. Kf2 Rc8 42. g4 f4 43. Bc4 Bxa4 44. Ke2 Re8+ 45. Kf1 Bc6 46. Rxd4 Bc5 47. Rd3 Re3 48. Rxe3 Bxe3 49. Ke2 b5 50. Bd3 a5 51. c4 b4 52. Bc2 Bd4 53. Bd1 Ke6 54. Kd3 Bf6 55. Nf8+ Kd6 56. Ng6 Bg7 57. Ke2 Bf6 58. Kd3 a4 59. bxa4 b3 60. Bxb3 Bxf3 61. c5+ Kxc5 62. Be6 Bc6 63. Nf8 Kd6 64. Bb3 Bf3 65. a5 Bxg4 66. a6 Bf3 67. Ne6 Kc6 68. Nd4+ Bxd4 69. Kxd4 g4 70. Ke5 g3 71. Kxf4 g2 72. Kxf3 g1Q 0-1

[Event "SWE-chT 1920 Superettan"]
[Site "Sweden"]
[Date "2019.10.19"]
[Round "2"]
[White "Kenneskog, Theodor"]
[Black "Le, Quang Long"]
[Result "0-1"]
[WhiteElo "2278"]
[BlackElo "2415"]
[PlyCount "80"]
[EventDate "2019.10.18"]
[EventType "team-tourn"]
[EventRounds "9"]
[EventCountry "SWE"]
[SourceTitle "EXT 2023"]
[Source "ChessBase"]
[SourceDate "2022.10.05"]
[SourceVersion "1"]
[SourceVersionDate "2022.10.05"]
[SourceQuality "1"]
[WhiteTeam "Stockholm Rockaden II"]
[BlackTeam "Orgryte"]
[WhiteTeamCountry "SWE"]
[BlackTeamCountry "SWE"]

1. d4 Nf6 2. c4 e6 3. Nf3 c5 4. d5 exd5 5. cxd5 d6 6. e4 g6 7. Bd3 Bg7 8. 0-0 0-0 9. Nc3 Bg4 10. h3 Bxf3 11. Qxf3 Nbd7 12. Qd1 Re8 13. Re1 Rc8 14. Bf4 c4 15. Bc2 Qb6 16. Be3 Qa5 17. Bd4 a6 18. g3 b5 19. a3 Qc7 20. Kg2 Qb7 21. Qd2 Nc5 22. f3 Nfd7 23. Bxg7 Kxg7 24. h4 h5 25. Qd4+ Kg8 26. g4 hxg4 27. f4 Qb6 28. Kg3 Qd8 29. Kxg4 Nf6+ 30. Kf3 Nh5 31. Rh1 Nb3 32. Bxb3 cxb3 33. Rag1 Rc4 34. Qd2 Qf6 35. Rg5 a5 36. Rhg1 Kf8 37. f5 Re5 38. Re1 gxf5 39. Kg2 f4 40. Rxe5 Qxe5 0-1

[Event "Gothenburg Kvibergspelen 09"]
[Site "Gothenburg"]
[Date "2019.09.27"]
[Round "2"]
[White "Le, Quang Long"]
[Black "Bengtsson, Siv"]
[Result "1-0"]
[WhiteElo "2415"]
[BlackElo "2086"]
[PlyCount "67"]
[EventDate "2019.09.27"]
[EventType "swiss"]
[EventRounds "8"]
[EventCountry "SWE"]
[SourceTitle "EXT 2020"]
[Source "ChessBase"]
[SourceDate "2019.10.17"]
[SourceVersion "1"]
[SourceVersionDate "2019.10.17"]
[SourceQuality "1"]

1. Nf3 Nf6 2. g3 g6 3. Bg2 d5 4. c4 Bg7 5. cxd5 Nxd5 6. Nc3 Nb6 7. h4 h5 8. d3 Nc6 9. Bf4 Bg4 10. Qd2 Qd7 11. 0-0 e5 12. Bg5 0-0 13. Ne4 f6 14. Nc5 Qe7 15. Be3 Nd8 16. Nh2 c6 17. Nxg4 hxg4 18. Qb4 f5 19. Bg5 Bf6 20. Bxf6 Rxf6 21. Rac1 Ne6 22. e3 Rd8 23. Rfd1 Nxc5 24. Rxc5 Rfd6 25. Qb3+ Kg7 26. Ra5 Nc8 27. Qc3 Re6 28. d4 b6 29. Ra4 c5 30. Rc1 cxd4 31. exd4 Kh7 32. d5 Red6 33. Rc4 e4 34. Rxc8 1-0

[Event "Gothenburg op"]
[Site "Gothenburg"]
[Date "2019.08.16"]
[Round "4"]
[White "Kockum, Anton Frisk"]
[Black "Le, Quang Long"]
[Result "0-1"]
[WhiteElo "2367"]
[BlackElo "2411"]
[PlyCount "92"]
[EventDate "2019.08.16"]
[EventType "swiss"]
[EventRounds "8"]
[EventCountry "SWE"]
[SourceTitle "CBM 191 Extra"]
[Source "ChessBase"]
[SourceDate "2019.09.30"]
[SourceVersion "1"]
[SourceVersionDate "2019.09.30"]
[SourceQuality "1"]

1. d4 Nf6 2. c4 c5 3. d5 e6 4. Nc3 exd5 5. cxd5 d6 6. e4 a6 7. a4 g6 8. h3 Bg7 9. Nf3 0-0 10. Bd3 Nbd7 11. Bf4 Qe7 12. 0-0 Nh5 13. Bh2 Bh6 14. Re1 f6 15. Bf1 Ne5 16. Nd2 Bd7 17. Kh1 Rab8 18. a5 Bf4 19. Nc4 Bxh2 20. Kxh2 b5 21. axb6 Nxc4 22. Bxc4 Rxb6 23. Qd2 Rfb8 24. b3 Qe5+ 25. g3 Bb5 26. f4 Qe7 27. Bxb5 axb5 28. g4 Ng7 29. e5 fxe5 30. fxe5 b4 31. Na4 Ra6 32. e6 Qf6 33. Rf1 Qe5+ 34. Qf4 Qxf4+ 35. Rxf4 g5 36. Rf7 c4 37. Raf1 cxb3 38. e7 Raa8 39. Nb6 Ra2+ 40. Kg3 Ne8 41. Rf8+ Kg7 42. Nd7 Rc8 43. R1f7+ Kh6 44. Rh8 Rc3+ 45. Rf3 b2 46. Nf8 b1Q 0-1

[Event "VIE-chB"]
[Site "Ba Dinh"]
[Date "2018.11.29"]
[Round "3"]
[White "Ngo, Thanh Tung"]
[Black "Le, Quang Long"]
[Result "1/2-1/2"]
[WhiteElo "1940"]
[BlackElo "2404"]
[PlyCount "122"]
[EventDate "2018.11.28"]
[EventType "swiss"]
[EventRounds "9"]
[EventCountry "VIE"]
[SourceTitle "EXT 2021"]
[Source "ChessBase"]
[SourceDate "2020.10.23"]
[SourceVersion "1"]
[SourceVersionDate "2020.10.23"]
[SourceQuality "1"]

1. Nf3 f5 2. b3 d6 3. d4 Nf6 4. Bb2 g6 5. g3 Bg7 6. Bg2 0-0 7. 0-0 c6 8. c4 Qc7 9. Nbd2 Re8 10. Qc2 Na6 11. a3 e5 12. c5 e4 13. cxd6 Qxd6 14. Nc4 Qd8 15. Nfe5 Nc7 16. a4 Ncd5 17. a5 Be6 18. Ba3 a6 19. Qc1 Bf8 20. Bxf8 Rxf8 21. f3 exf3 22. exf3 f4 23. Qe1 Bf5 24. Rf2 Re8 25. Rd1 Qe7 26. g4 Be6 27. Bf1 Rad8 28. Nd3 Ne3 29. Nxe3 fxe3 30. Qxe3 Bxb3 31. Qxe7 Rxe7 32. Rb1 Bc4 33. Nc5 Bb5 34. g5 Nh5 35. Rd2 Nf4 36. Kf2 Rd5 37. h4 Rf5 38. Bxb5 axb5 39. Ne4 Nd5 40. Kg3 Rf8 41. Rb3 Kg7 42. Ra2 Ra8 43. Ra1 Rf7 44. Rba3 b4 45. Rb3 Ra7 46. Nf6 Nxf6 47. gxf6+ Kxf6 48. Rxb4 Ke6 49. Re1+ Kd6 50. Re5 Re7 51. f4 Rxe5 52. dxe5+ Kd5 53. h5 c5 54. Rb6 c4 55. hxg6 hxg6 56. e6 Rxa5 57. e7 Ra8 58. Rxb7 Kc6 59. Rb4 Kc5 60. Rb7 Kc6 61. Rb4 Kc5 1/2-1/2

[Event "VIE-ch"]
[Site "Bac Giang"]
[Date "2016.06.27"]
[Round "8"]
[White "Le, Quang Long"]
[Black "Nguyen, Hoang Nam"]
[Result "1-0"]
[WhiteElo "2396"]
[BlackElo "2218"]
[PlyCount "53"]
[EventDate "2016.06.22"]
[EventType "swiss"]
[EventRounds "9"]
[EventCountry "VIE"]
[SourceTitle "EXT 2017"]
[Source "ChessBase"]
[SourceDate "2016.10.25"]
[SourceVersion "1"]
[SourceVersionDate "2016.10.25"]
[SourceQuality "1"]

1. Nf3 Nf6 2. c4 b6 3. g3 Bb7 4. Bg2 c5 5. 0-0 g6 6. Nc3 Bg7 7. Re1 0-0 8. e4 Nc6 9. e5 Ne8 10. d3 d6 11. e6 fxe6 12. Ng5 Nc7 13. Nb5 e5 14. Qg4 h5 15. Qh4 Rf6 16. g4 Nxb5 17. cxb5 Na5 18. Bxb7 Nxb7 19. gxh5 gxh5 20. Qxh5 Qd7 21. Qh7+ Kf8 22. Re3 d5 23. Rg3 e6 24. Nf3 Nd6 25. Nxe5 Qb7 26. Bg5 Rf5 27. Bh6 1-0

[Event "VIE-ch"]
[Site "Bac Giang"]
[Date "2016.06.26"]
[Round "7"]
[White "Nguyen, Anh Khoi"]
[Black "Le, Quang Long"]
[Result "1/2-1/2"]
[WhiteElo "2448"]
[BlackElo "2396"]
[PlyCount "26"]
[EventDate "2016.06.22"]
[EventType "swiss"]
[EventRounds "9"]
[EventCountry "VIE"]
[SourceTitle "EXT 2017"]
[Source "ChessBase"]
[SourceDate "2016.10.25"]
[SourceVersion "1"]
[SourceVersionDate "2016.10.25"]
[SourceQuality "1"]

1. d4 Nf6 2. c4 c5 3. d5 e6 4. Nc3 exd5 5. cxd5 d6 6. Nf3 g6 7. Bf4 Bg7 8. Qa4+ Bd7 9. Qb3 Qc7 10. e4 0-0 11. Be2 b5 12. e5 dxe5 13. Bxe5 Qa5 1/2-1/2

[Event "VIE-ch"]
[Site "Bac Giang"]
[Date "2016.06.22"]
[Round "1"]
[White "Vo, Pham Thien Phuc"]
[Black "Le, Quang Long"]
[Result "0-1"]
[WhiteElo "1710"]
[BlackElo "2396"]
[PlyCount "80"]
[EventDate "2016.06.22"]
[EventType "swiss"]
[EventRounds "9"]
[EventCountry "VIE"]
[SourceTitle "EXT 2017"]
[Source "ChessBase"]
[SourceDate "2016.10.25"]
[SourceVersion "1"]
[SourceVersionDate "2016.10.25"]
[SourceQuality "1"]

1. d4 Nf6 2. c4 c5 3. d5 b5 4. cxb5 a6 5. bxa6 g6 6. g3 Bxa6 7. Bg2 d6 8. Nc3 Bg7 9. e4 Nbd7 10. Nge2 0-0 11. 0-0 Ne5 12. Qc2 Qb6 13. Rd1 Rfb8 14. Rb1 Qa5 15. h3 Ne8 16. Kh2 Bc4 17. Ra1 Bb3 18. axb3 Qxa1 19. Bh6 Qa5 20. Bxg7 Nxg7 21. f4 Nd7 22. Nc1 Qb4 23. Qe2 Nb6 24. Bf1 Rc8 25. N3a2 Qa5 26. Qc2 e6 27. dxe6 Nxe6 28. Rxd6 Rd8 29. Rxd8+ Rxd8 30. Bd3 Qe1 31. Kg2 Qe3 32. h4 c4 33. bxc4 Nc5 34. Nb4 Nxe4 35. Ne2 Qf2+ 36. Kh3 Qf1+ 37. Kh2 Nf2 38. g4 Rxd3 39. Nxd3 Qh1+ 40. Kg3 Ne4# 0-1

[Event "VIE-ch Resolution 7th"]
[Site "Bac Giang"]
[Date "2014.12.12"]
[Round "7"]
[White "Ton That Nhu, Tung"]
[Black "Le, Quang Long"]
[Result "0-1"]
[WhiteElo "2193"]
[BlackElo "2375"]
[PlyCount "68"]
[EventDate "2014.12.05"]
[EventType "swiss"]
[EventRounds "9"]
[EventCountry "VIE"]
[SourceTitle "EXT 2019"]
[Source "ChessBase"]
[SourceDate "2018.10.10"]
[SourceVersion "1"]
[SourceVersionDate "2018.10.10"]
[SourceQuality "1"]

1. d4 Nf6 2. c4 c5 3. d5 b5 4. cxb5 a6 5. Nc3 axb5 6. e4 b4 7. e5 bxc3 8. exf6 cxb2 9. Bxb2 Qa5+ 10. Qd2 Qxd2+ 11. Kxd2 gxf6 12. f4 d6 13. Bc4 Ba6 14. Bb3 Nd7 15. Ne2 Nb6 16. Rhe1 Nc4+ 17. Bxc4 Bxc4 18. Nc3 Rg8 19. g3 f5 20. a4 Kd7 21. a5 Ra7 22. Ra4 Ba6 23. Ba1 Bg7 24. Rb1 e6 25. Nd1 Bxa1 26. Raxa1 Bc4 27. dxe6+ fxe6 28. Rb6 Kc7 29. Ne3 Ba6 30. Re1 Rg7 31. g4 Bc8 32. gxf5 Rxa5 33. Reb1 Ra2+ 34. Kc3 Rxh2 0-1

[Event "VIE-ch Resolution 7th"]
[Site "Bac Giang"]
[Date "2014.12.08"]
[Round "3"]
[White "Pham, Duc Thang"]
[Black "Le, Quang Long"]
[Result "0-1"]
[WhiteElo "2234"]
[BlackElo "2375"]
[PlyCount "48"]
[EventDate "2014.12.05"]
[EventType "swiss"]
[EventRounds "9"]
[EventCountry "VIE"]
[SourceTitle "EXT 2016"]
[Source "ChessBase"]
[SourceDate "2015.10.08"]
[SourceVersion "1"]
[SourceVersionDate "2015.10.08"]
[SourceQuality "1"]

1. e4 c6 2. d4 d6 3. Nf3 Bg4 4. Be2 Nf6 5. Nc3 Nbd7 6. 0-0 e5 7. a4 Be7 8. a5 a6 9. Be3 0-0 10. h3 Bh5 11. Nd2 Bg6 12. f4 exf4 13. Bxf4 Re8 14. Bf3 b5 15. axb6 Nxb6 16. Kh1 d5 17. e5 Nfd7 18. b3 Bg5 19. Be2 Bxf4 20. Rxf4 Qg5 21. Qf1 f6 22. Rxa6 Rxa6 23. Bxa6 fxe5 24. dxe5 Qxe5 0-1

[Event "VIE-ch U17"]
[Site "Ho Chi Minh City"]
[Date "2014.07.18"]
[Round "9"]
[White "Le, Quang Long"]
[Black "Nguyen, Cong Hieu"]
[Result "0-1"]
[WhiteElo "1927"]
[BlackElo "1592"]
[PlyCount "86"]
[EventDate "2014.07.13"]
[EventType "swiss"]
[EventRounds "9"]
[EventCountry "VIE"]
[SourceTitle "EXT 2016"]
[Source "ChessBase"]
[SourceDate "2015.10.08"]
[SourceVersion "1"]
[SourceVersionDate "2015.10.08"]
[SourceQuality "1"]

1. h3 Nf6 2. Nf3 g6 3. d4 d6 4. Bf4 Bg7 5. Nbd2 0-0 6. e4 Nbd7 7. Bc4 c5 8. c3 Rb8 9. a4 Qb6 10. Qc2 Nh5 11. Be3 Qc7 12. Rc1 e5 13. 0-0 a6 14. Qb3 b5 15. axb5 axb5 16. Be2 c4 17. Qb4 f5 18. Ng5 f4 19. Ne6 Qb6 20. Nxf8 Nxf8 21. Bxh5 gxh5 22. Bxf4 exf4 23. Nf3 Bb7 24. d5 Nd7 25. Ra1 Qc5 26. Qxc5 Nxc5 27. Ra7 Bc8 28. Rfa1 Bd7 29. Ra8 Rxa8 30. Rxa8+ Kf7 31. Ra7 Ke7 32. Nd4 Bxd4 33. cxd4 Nxe4 34. Kf1 Nf6 35. Ke2 Nxd5 36. Kf3 b4 37. Ke4 Ke6 38. Ra6 c3 39. bxc3 Nxc3+ 40. Kxf4 b3 41. Kg5 b2 42. d5+ Nxd5 43. f4 b1Q 0-1

[Event "VIE-ch U17"]
[Site "Ho Chi Minh City"]
[Date "2014.07.17"]
[Round "7"]
[White "Le, Quang Long"]
[Black "Nguyen, Dang Trong Phuc"]
[Result "1-0"]
[WhiteElo "1927"]
[BlackElo "1925"]
[PlyCount "69"]
[EventDate "2014.07.13"]
[EventType "swiss"]
[EventRounds "9"]
[EventCountry "VIE"]
[SourceTitle "EXT 2016"]
[Source "ChessBase"]
[SourceDate "2015.10.08"]
[SourceVersion "1"]
[SourceVersionDate "2015.10.08"]
[SourceQuality "1"]

1. e4 e6 2. d4 d5 3. exd5 exd5 4. Bd3 Bd6 5. Ne2 Bg4 6. f3 Bh5 7. Bf4 Bg6 8. Bxg6 hxg6 9. Qd2 Nc6 10. Nbc3 Nge7 11. 0-0-0 Qd7 12. Nb5 Bxf4 13. Qxf4 Rc8 14. Rhe1 0-0 15. g4 Rfe8 16. h4 Nb4 17. Nbc3 c5 18. dxc5 Rxc5 19. Qxb4 Rec8 20. Rd2 a5 21. Qb3 b5 22. Nd4 b4 23. Na4 Rc4 24. Nb6 a4 25. Nxd7 axb3 26. axb3 Ra8 27. Rd3 Ra1+ 28. Kd2 Rxe1 29. bxc4 dxc4 30. Kxe1 cxd3 31. cxd3 f5 32. Nb6 Kf7 33. g5 Ke8 34. Kd2 Kf7 35. Kc2 1-0

[Event "VIE-ch U17"]
[Site "Ho Chi Minh City"]
[Date "2014.07.15"]
[Round "5"]
[White "Pham, Anh Trung"]
[Black "Le, Quang Long"]
[Result "1-0"]
[WhiteElo "1860"]
[BlackElo "1927"]
[PlyCount "85"]
[EventDate "2014.07.13"]
[EventType "swiss"]
[EventRounds "9"]
[EventCountry "VIE"]
[SourceTitle "EXT 2016"]
[Source "ChessBase"]
[SourceDate "2015.10.08"]
[SourceVersion "1"]
[SourceVersionDate "2015.10.08"]
[SourceQuality "1"]

1. Nf3 f5 2. b4 e6 3. Bb2 Nf6 4. a3 b6 5. d3 Bb7 6. Nbd2 Nc6 7. g3 d5 8. Bg2 Bd6 9. c4 Qd7 10. Qc2 Be7 11. 0-0 h6 12. b5 Nd8 13. Rac1 Rc8 14. Rfe1 Nf7 15. Qa4 a5 16. Rcd1 c5 17. cxd5 exd5 18. Qb3 Nd6 19. a4 Qe6 20. e4 c4 21. Nd4 Qd7 22. dxc4 dxc4 23. Nxc4 Nxc4 24. Nc6 Bxc6 25. Rxd7 Bxd7 26. e5 Ne4 27. Bd4 Ned2 28. Qd1 Be6 29. Qh5+ Kf8 30. Bd5 Bxd5 31. Qxf5+ Bf7 32. Qxc8+ Be8 33. Qf5+ Kg8 34. Kg2 g6 35. Qc8 Kh7 36. Qb7 Rf8 37. Qxe7+ Kg8 38. e6 Rxf2+ 39. Kh3 Rxh2+ 40. Kg4 h5+ 41. Kg5 Nf3+ 42. Kf6 Nxd4 43. Qg7# 1-0

[Event "VIE-ch U17"]
[Site "Ho Chi Minh City"]
[Date "2014.07.14"]
[Round "3"]
[White "Le, Quang Long"]
[Black "Pham, Minh Hieu"]
[Result "1/2-1/2"]
[WhiteElo "1927"]
[BlackElo "1965"]
[PlyCount "76"]
[EventDate "2014.07.13"]
[EventType "swiss"]
[EventRounds "9"]
[EventCountry "VIE"]
[SourceTitle "EXT 2016"]
[Source "ChessBase"]
[SourceDate "2015.10.08"]
[SourceVersion "1"]
[SourceVersionDate "2015.10.08"]
[SourceQuality "1"]

1. e4 c5 2. Nf3 Nc6 3. d4 cxd4 4. Nxd4 g6 5. Be3 Bg7 6. c4 Nf6 7. Nc3 0-0 8. Be2 d6 9. 0-0 Bd7 10. Qd2 Nxd4 11. Bxd4 Bc6 12. f3 Nd7 13. Bxg7 Kxg7 14. Qd4+ Kg8 15. Nd5 Bxd5 16. cxd5 Qb6 17. Qxb6 Nxb6 18. Rfc1 Rfc8 19. Kf2 a5 20. Bb5 Kf8 21. Ke3 e6 22. Kd4 exd5 23. exd5 Kg7 24. a4 h5 25. Rc3 Rxc3 26. bxc3 Rc8 27. Re1 Kf8 28. g4 hxg4 29. fxg4 Na8 30. Rb1 Nb6 31. h4 Kg7 32. Bc6 bxc6 33. Rxb6 cxd5 34. Kxd5 Rxc3 35. Rb5 Rg3 36. g5 Rg4 37. Rxa5 Rxh4 38. Kxd6 Rg4 1/2-1/2